00313 2200145 4500245003800000250001100038100001400049650001600063650001400079005001900093260001800112041001400130084001400144336000900158 aPotongan SayurancTaqi HitohText aCet. 1 aTaqi Hito aKarya Siswa aScrapbook a20250526101215 aJakartac2025 aIndonesia a081 TAQ p atext